Normal view
MARC view
Entry Geographic Name
001 - CONTROL NUMBER
- control field: 22043
003 - CONTROL NUMBER IDENTIFIER
- control field: ARRUPE
005 - DATE AND TIME OF LATEST TRANSACTION
- control field: 20160208150815.0
008 - FIXED-LENGTH DATA ELEMENTS
- fixed length control field: 160208|| aca||aabn | a|a d
040 ## - CATALOGING SOURCE
- Original cataloging agency: ARRUPE
- Transcribing agency: ARRUPE
151 ## - HEADING--GEOGRAPHIC NAME
- Geographic name: South Africa
- General subdivision: History.
670 ## - SOURCE DATA FOUND
- Source citation: Work cat.: (ARRUPE)0: Chilvers, Hedley Arthur, 1879- 22041, The yellow man looks on;, [1933]